[Event "HUN-chT 2122"]
[Site "Hungary"]
[Date "2022.04.10"]
[Round "9.8"]
[White "Ribli, Zoltan"]
[Black "Bernath, Robert"]
[Result "1-0"]
[WhiteElo "2518"]
[BlackElo "1980"]
[PlyCount "69"]
[EventDate "2021.10.10"]
[EventType "team-tourn"]
[EventRounds "9"]
[EventCountry "HUN"]
[SourceTitle "EXT 2023"]
[Source "ChessBase"]
[SourceDate "2022.10.05"]
[SourceVersion "1"]
[SourceVersionDate "2022.10.05"]
[SourceQuality "1"]
[WhiteTeam "Tungsram ANSK"]
[BlackTeam "Maroczy"]
[WhiteTeamCountry "HUN"]
[BlackTeamCountry "HUN"]

1. Nf3 c5 2. c4 Nc6 3. Nc3 g6 4. e3 Bg7 5. d4 cxd4 6. exd4 d6 7. Be2 Nf6 8. d5 Nb8 9. 0-0 Nbd7 10. Be3 0-0 11. h3 Nc5 12. Nd4 Nfe4 13. Nxe4 Nxe4 14. Bf3 Nf6 15. b4 Nd7 16. Qb3 Bxd4 17. Bxd4 b6 18. Rae1 f6 19. Be4 g5 20. g3 Ne5 21. f4 Bxh3 22. fxe5 Bxf1 23. Rxf1 fxe5 24. Rxf8+ Qxf8 25. Be3 Qf6 26. c5 Rf8 27. Bg2 e4 28. c6 h5 29. Qc4 Qa1+ 30. Kh2 h4 31. Qxe4 hxg3+ 32. Kxg3 Qe1+ 33. Kh2 Qh4+ 34. Qxh4 gxh4 35. Bh3 1-0

[Event "HUN-chT2 Maroczy 1819"]
[Site "Hungary"]
[Date "2018.12.02"]
[Round "5.2"]
[White "Juhasz, Armin"]
[Black "Bernath, Robert"]
[Result "1-0"]
[WhiteElo "2366"]
[BlackElo "2058"]
[PlyCount "75"]
[EventDate "2018.09.23"]
[EventType "team-tourn"]
[EventRounds "11"]
[EventCountry "HUN"]
[SourceTitle "EXT 2020"]
[Source "ChessBase"]
[SourceDate "2019.10.17"]
[SourceVersion "1"]
[SourceVersionDate "2019.10.17"]
[SourceQuality "1"]
[WhiteTeam "Budapest MTK"]
[BlackTeam "Szeged Maroczy II"]
[WhiteTeamCountry "HUN"]
[BlackTeamCountry "HUN"]

1. Nf3 c5 2. c4 Nc6 3. Nc3 g6 4. e3 Nf6 5. d4 cxd4 6. exd4 d5 7. cxd5 Nxd5 8. Qb3 Nxc3 9. Bc4 e6 10. bxc3 Bg7 11. Ba3 Ne7 12. 0-0 0-0 13. Ne5 a6 14. Be2 Re8 15. Bf3 Qc7 16. Nc4 Nf5 17. Rab1 Bd7 18. Qxb7 Qxc4 19. Qxd7 Rad8 20. Qc6 Qxa2 21. Qxa6 Rc8 22. Bc6 Red8 23. Bb7 Rxc3 24. Qa5 Rdc8 25. Bxc8 Qxa3 26. Qxa3 Rxa3 27. d5 exd5 28. Bxf5 gxf5 29. Rfd1 Ra5 30. Rb8+ Bf8 31. Rd8 Kg7 32. R8xd5 Rxd5 33. Rxd5 Kg6 34. Kf1 Bg7 35. Ke2 Kf6 36. Rd6+ Ke7 37. Ra6 Be5 38. Rh6 1-0

[Event "HUN-chT2 Maroczy 1819"]
[Site "Hungary"]
[Date "2018.11.18"]
[Round "4.6"]
[White "Bernath, Robert"]
[Black "Havasi, Janos"]
[Result "0-1"]
[WhiteElo "2058"]
[BlackElo "2131"]
[PlyCount "76"]
[EventDate "2018.09.23"]
[EventType "team-tourn"]
[EventRounds "11"]
[EventCountry "HUN"]
[SourceTitle "EXT 2020"]
[Source "ChessBase"]
[SourceDate "2019.10.17"]
[SourceVersion "1"]
[SourceVersionDate "2019.10.17"]
[SourceQuality "1"]
[WhiteTeam "Szeged Maroczy II"]
[BlackTeam "Budapest Vasas"]
[WhiteTeamCountry "HUN"]
[BlackTeamCountry "HUN"]

1. e4 c6 2. d4 d5 3. e5 Bf5 4. Nc3 e6 5. g4 Bg6 6. Nge2 h6 7. h4 Nd7 8. Be3 a6 9. f4 Be7 10. Bf2 Qc7 11. f5 Bh7 12. fxe6 fxe6 13. Nf4 Nf8 14. Bd3 g5 15. Nh5 0-0-0 16. Bxh7 Rxh7 17. Qd3 gxh4 18. 0-0-0 Bg5+ 19. Kb1 Qe7 20. Na4 Nd7 21. Be1 Rf7 22. Ba5 Rdf8 23. Nb6+ Nxb6 24. Bxb6 Qe8 25. Bc5 Be7 26. b4 Rf3 27. Qe2 Rf2 28. Qe1 Qg6 29. Rd2 Rxd2 30. Qxd2 Bxc5 31. bxc5 Qxg4 32. Qd1 Qxd1+ 33. Rxd1 Rf3 34. Rh1 h3 35. Kc1 Ne7 36. Kd2 Nf5 37. c3 Kc7 38. Nf6 Ng3 0-1

[Event "HUN-chT2 Maroczy 1819"]
[Site "Hungary"]
[Date "2018.09.23"]
[Round "1.8"]
[White "Jusup, Matej"]
[Black "Bernath, Robert"]
[Result "0-1"]
[WhiteElo "2235"]
[BlackElo "2058"]
[PlyCount "102"]
[EventDate "2018.09.23"]
[EventType "team-tourn"]
[EventRounds "11"]
[EventCountry "HUN"]
[SourceTitle "EXT 2020"]
[Source "ChessBase"]
[SourceDate "2019.10.17"]
[SourceVersion "1"]
[SourceVersionDate "2019.10.17"]
[SourceQuality "1"]
[WhiteTeam "Penzugyor II"]
[BlackTeam "Szeged Maroczy II"]
[WhiteTeamCountry "HUN"]
[BlackTeamCountry "HUN"]

1. d4 Nf6 2. Bf4 d5 3. e3 c5 4. Nd2 Nc6 5. Ngf3 Bf5 6. c3 Qb6 7. Nh4 Bd7 8. Qb1 e6 9. h3 cxd4 10. exd4 Be7 11. Nhf3 Rc8 12. Bd3 Na5 13. b4 Nc4 14. Nb3 Na3 15. Qb2 Rxc3 16. Nc5 Rxc5 17. dxc5 Bxc5 18. 0-0 Qxb4 19. Qe5 0-0 20. Bd2 Qb6 21. Rac1 Bd6 22. Qa1 Bb5 23. Bxb5 Qxb5 24. Bc3 Ne8 25. Rfe1 Nc4 26. a4 Qd7 27. Rb1 b6 28. Rb3 f6 29. Reb1 e5 30. a5 Bc5 31. Nd2 Ned6 32. axb6 Bxb6 33. Bb4 Nxd2 34. Bxd2 Nc4 35. Bb4 Rc8 36. Qa2 Qc6 37. h4 Qe6 38. Qe2 Qf5 39. Rd1 Bd4 40. h5 a5 41. Bc3 a4 42. Rb7 Nd6 43. Bxd4 Nxb7 44. Qb5 exd4 45. Qxb7 h6 46. Qa7 d3 47. Qxa4 Qxh5 48. g4 Qg6 49. Qd4 Qe4 50. Qxd3 Qxg4+ 51. Kf1 Qc4 0-1

[Event "HUN-chT2 Toth 1718"]
[Site "Hungary"]
[Date "2018.03.25"]
[Round "10.4"]
[White "Donko, Matyas"]
[Black "Bernath, Robert"]
[Result "0-1"]
[WhiteElo "1932"]
[BlackElo "2096"]
[PlyCount "68"]
[EventDate "2017.09.24"]
[EventType "team-tourn"]
[EventRounds "11"]
[EventCountry "HUN"]
[SourceTitle "EXT 2021"]
[Source "ChessBase"]
[SourceDate "2020.10.23"]
[SourceVersion "1"]
[SourceVersionDate "2020.10.23"]
[SourceQuality "1"]
[WhiteTeam "Kecskemet Takisz"]
[BlackTeam "Szeged Maroczy II"]
[WhiteTeamCountry "HUN"]
[BlackTeamCountry "HUN"]

1. e4 c5 2. Nf3 Nc6 3. Nc3 e6 4. d4 cxd4 5. Nxd4 Nf6 6. Ndb5 d6 7. Bf4 e5 8. Bg5 a6 9. Na3 b5 10. Nd5 Be7 11. Nxe7 Nxe7 12. Bxf6 gxf6 13. Qf3 f5 14. Bd3 Bb7 15. 0-0-0 Qb6 16. Rhe1 0-0-0 17. Qh5 fxe4 18. Bxe4 Bxe4 19. Rxe4 Qxf2 20. c4 Kb8 21. Rd2 Qf1+ 22. Rd1 Qxg2 23. Re2 Qg6 24. Qf3 Rc8 25. Rc2 b4 26. Qd3 Rc5 27. Rcd2 bxa3 28. Qb3+ Ka7 29. Rxd6 axb2+ 30. Kxb2 Qg2+ 31. R1d2 Qb7 32. Rd7 Rc7 33. Rxc7 Qxc7 34. Kc2 Rd8 0-1

[Event "HUN-chT2 Toth 1718"]
[Site "Hungary"]
[Date "2017.10.08"]
[Round "2.6"]
[White "Bernath, Robert"]
[Black "Egyed, Zsolt"]
[Result "1/2-1/2"]
[WhiteElo "2096"]
[BlackElo "2081"]
[PlyCount "102"]
[EventDate "2017.09.24"]
[EventType "team-tourn"]
[EventRounds "11"]
[EventCountry "HUN"]
[SourceTitle "EXT 2021"]
[Source "ChessBase"]
[SourceDate "2020.10.23"]
[SourceVersion "1"]
[SourceVersionDate "2020.10.23"]
[SourceQuality "1"]
[WhiteTeam "Szeged Maroczy II"]
[BlackTeam "Karcag"]
[WhiteTeamCountry "HUN"]
[BlackTeamCountry "HUN"]

1. e4 c5 2. Nf3 Nc6 3. d4 cxd4 4. Nxd4 e6 5. Nc3 a6 6. Be3 Qc7 7. Qd2 Nf6 8. 0-0-0 Bb4 9. f3 d5 10. a3 Bxc3 11. bxc3 Na5 12. Bg5 Nc4 13. Bxc4 Qxc4 14. Bxf6 Qa2 15. Qg5 gxf6 16. Qxf6 Rg8 17. g4 Qxa3+ 18. Kb1 Qxc3 19. exd5 Qb4+ 20. Nb3 Rg6 21. Qh8+ Qf8 22. Qxh7 exd5 23. Rxd5 Be6 24. Re1 Rc8 25. g5 Qb4 26. Re4 Qc3 27. Re2 Kf8 28. Rd3 Qg7 29. Qxg7+ Kxg7 30. Re5 Rh8 31. Rd2 Bxb3 32. cxb3 Rb6 33. Kb2 Rh3 34. Rf2 Rb4 35. Re4 Rb5 36. Rg4 Kg6 37. Rg3 Rxg3 38. hxg3 Kxg5 39. Rd2 a5 40. Kc3 Rc5+ 41. Kd4 Rc6 42. Re2 f6 43. Re8 Rd6+ 44. Kc4 b5+ 45. Kxb5 Rd3 46. Kxa5 Rxb3 47. Rg8+ Kf5 48. f4 Rb1 49. Ka4 Rb2 50. Ka5 Rb7 51. Ka4 Rb6 1/2-1/2

[Event "Senta op 21st"]
[Site "Senta"]
[Date "2017.07.27"]
[Round "4"]
[White "Farkas, Sandor I"]
[Black "Bernath, Robert"]
[Result "1/2-1/2"]
[WhiteElo "1935"]
[BlackElo "2087"]
[PlyCount "25"]
[EventDate "2017.07.24"]
[EventType "swiss"]
[EventRounds "9"]
[EventCountry "SRB"]
[SourceTitle "CBM 179 Extra"]
[Source "ChessBase"]
[SourceDate "2017.08.23"]
[SourceVersion "1"]
[SourceVersionDate "2017.08.23"]
[SourceQuality "1"]

1. e4 e5 2. Nf3 Nc6 3. Bc4 Nf6 4. d3 Bc5 5. h3 0-0 6. c3 a6 7. 0-0 Re8 8. Bb3 h6 9. Re1 Ba7 10. Nbd2 d6 11. Nf1 Be6 12. Bxe6 Rxe6 13. Ng3 1/2-1/2

[Event "Senta op 21st"]
[Site "Senta"]
[Date "2017.07.24"]
[Round "1"]
[White "Bernath, Robert"]
[Black "Olajos, Gyozo"]
[Result "1-0"]
[WhiteElo "2087"]
[BlackElo "1620"]
[PlyCount "41"]
[EventDate "2017.07.24"]
[EventType "swiss"]
[EventRounds "9"]
[EventCountry "SRB"]
[SourceTitle "CBM 179 Extra"]
[Source "ChessBase"]
[SourceDate "2017.08.23"]
[SourceVersion "1"]
[SourceVersionDate "2017.08.23"]
[SourceQuality "1"]

1. e4 c5 2. Nf3 d6 3. d4 cxd4 4. Nxd4 Nf6 5. Nc3 a6 6. Bg5 e6 7. f4 Be7 8. Qf3 Qb6 9. 0-0-0 Nc6 10. Nb3 Qc7 11. g4 h6 12. Bh4 b5 13. e5 Bb7 14. exf6 Nd4 15. Qd3 Nxb3+ 16. axb3 Bxh1 17. fxe7 d5 18. Qd4 Rg8 19. Nxb5 Qd7 20. Qa4 Rc8 21. Nd6# 1-0

[Event "HUN-chT2 Maroczy 1516"]
[Site "Hungary"]
[Date "2015.11.08"]
[Round "2.9"]
[White "Bernath, Robert"]
[Black "Repasi, Zoltan"]
[Result "1/2-1/2"]
[WhiteElo "2052"]
[BlackElo "2081"]
[PlyCount "57"]
[EventDate "2015.10.18"]
[EventType "team-tourn"]
[EventRounds "9"]
[EventCountry "HUN"]
[SourceTitle "CBM 170 Extra"]
[Source "ChessBase"]
[SourceDate "2016.02.25"]
[SourceVersion "1"]
[SourceVersionDate "2016.02.25"]
[SourceQuality "1"]
[WhiteTeam "Maroczy"]
[BlackTeam "Dunaharaszti II"]
[WhiteTeamCountry "HUN"]
[BlackTeamCountry "HUN"]

1. e4 Nf6 2. e5 Nd5 3. d4 d6 4. c4 Nb6 5. f4 dxe5 6. fxe5 Nc6 7. Be3 Bf5 8. Nc3 e6 9. Nf3 Be7 10. d5 exd5 11. cxd5 Nb4 12. Nd4 Bd7 13. Qf3 c5 14. dxc6 Nxc6 15. Qe4 Nxd4 16. Bxd4 Bc6 17. Bb5 Bxb5 18. Nxb5 Bb4+ 19. Ke2 0-0 20. Rhd1 Qe7 21. Kf1 Bc5 22. Rac1 Bxd4 23. Qxd4 Rad8 24. Nd6 f6 25. e6 Qxe6 26. Rc7 Rd7 27. Rxb7 Rxb7 28. Nxb7 Qxa2 29. Nd6 1/2-1/2

[Event "Senta op 19th"]
[Site "Senta"]
[Date "2015.07.17"]
[Round "8"]
[White "Bernath, Robert"]
[Black "Gabric, Goran"]
[Result "0-1"]
[WhiteElo "2049"]
[BlackElo "2164"]
[PlyCount "74"]
[EventDate "2015.07.11"]
[EventType "swiss"]
[EventRounds "9"]
[EventCountry "SRB"]
[SourceTitle "EXT 2016"]
[Source "ChessBase"]
[SourceDate "2015.10.08"]
[SourceVersion "1"]
[SourceVersionDate "2015.10.08"]
[SourceQuality "1"]

1. e4 c5 2. Nf3 Nc6 3. d4 cxd4 4. Nxd4 g6 5. Nc3 Bg7 6. Be3 Nf6 7. f3 0-0 8. Bc4 Rb8 9. Qd2 a6 10. 0-0-0 Na5 11. Bb3 b5 12. g4 Qc7 13. Kb1 Nc4 14. Bxc4 bxc4 15. Ka1 d6 16. h4 h5 17. gxh5 Nxh5 18. Nd5 Qb7 19. c3 e6 20. Nb4 Bd7 21. Rb1 a5 22. Nbc2 Rfc8 23. Ne2 e5 24. Bh6 Bh8 25. Rhg1 d5 26. Qxd5 Bc6 27. Qd2 Rd8 28. Qe1 Rd3 29. Qf2 Kh7 30. Be3 Ba4 31. Ne1 Rd1 32. Bc1 Nf4 33. h5 Nxh5 34. Qe3 Bg7 35. Qc5 Nf4 36. Rh1+ Kg8 37. Nxf4 Rxc1 0-1

[Event "Senta op 19th"]
[Site "Senta"]
[Date "2015.07.15"]
[Round "6"]
[White "Bernath, Robert"]
[Black "Meszaros, Bela"]
[Result "0-1"]
[WhiteElo "2049"]
[BlackElo "2206"]
[PlyCount "92"]
[EventDate "2015.07.11"]
[EventType "swiss"]
[EventRounds "9"]
[EventCountry "SRB"]
[SourceTitle "EXT 2016"]
[Source "ChessBase"]
[SourceDate "2015.10.08"]
[SourceVersion "1"]
[SourceVersionDate "2015.10.08"]
[SourceQuality "1"]

1. e4 c5 2. Nc3 Nc6 3. f4 d6 4. Nf3 e6 5. Bb5 Bd7 6. d3 Be7 7. 0-0 Qc7 8. Kh1 Nf6 9. Bd2 0-0 10. Qe1 Nd4 11. Bxd7 Nxd7 12. Rc1 Bf6 13. Nxd4 cxd4 14. Ne2 Qb6 15. b3 Rac8 16. Qg3 Rc5 17. c4 Qd8 18. Qf2 e5 19. f5 Bg5 20. Ng1 Bxd2 21. Qxd2 Nf6 22. Nf3 h6 23. h3 Nh5 24. Kh2 a6 25. Rc2 Qe7 26. Rfc1 Rfc8 27. b4 R5c7 28. g3 Qd7 29. Qe2 g6 30. c5 dxc5 31. bxc5 Qe7 32. fxg6 fxg6 33. Qd2 Kh7 34. Qb4 Rf8 35. Kg2 Rf6 36. Qc4 Rxf3 37. Kxf3 Qg5 38. Ke2 Qe3+ 39. Kd1 Qf3+ 40. Kd2 Nxg3 41. Re1 Qf2+ 42. Kd1 Nf1 43. Rce2 Ne3+ 44. Rxe3 dxe3 45. Qc1 Qf3+ 46. Re2 Rd7 0-1

[Event "HUN-chT2 Toth 1415"]
[Site "Hungary"]
[Date "2014.09.21"]
[Round "2.3"]
[White "Bernath, Robert"]
[Black "Dostan, Janos"]
[Result "0-1"]
[WhiteElo "2029"]
[BlackElo "2199"]
[PlyCount "94"]
[EventDate "2014.09.07"]
[EventType "team-tourn"]
[EventRounds "11"]
[EventCountry "HUN"]
[SourceTitle "EXT 2016"]
[Source "ChessBase"]
[SourceDate "2015.10.08"]
[SourceVersion "1"]
[SourceVersionDate "2015.10.08"]
[SourceQuality "1"]
[WhiteTeam "Maroczy II"]
[BlackTeam "Ujszasz"]
[WhiteTeamCountry "HUN"]
[BlackTeamCountry "HUN"]

1. e4 e5 2. Nf3 d6 3. d4 exd4 4. Nxd4 Nf6 5. Nc3 Be7 6. Bf4 0-0 7. Qd2 Nc6 8. 0-0-0 Nxd4 9. Qxd4 Be6 10. f3 a6 11. Kb1 b5 12. g4 c5 13. Qd2 b4 14. Nd5 Bxd5 15. exd5 Qc7 16. h4 a5 17. h5 Nd7 18. g5 Nb6 19. g6 Bf6 20. h6 fxg6 21. Bh3 Bxb2 22. Be6+ Kh8 23. hxg7+ Qxg7 24. Bh6 Qe7 25. Bxf8 Rxf8 26. Qh6 Qg7 27. Qxg7+ Bxg7 28. Rh3 Be5 29. Rdh1 h5 30. a3 Nc4 31. axb4 axb4 32. Kc1 Kh7 33. Kd1 Rf4 34. Rh4 Ne3+ 35. Kd2 Rxf3 36. R4h3 Nc4+ 37. Ke2 Rf8 38. Rf1 Ra8 39. Rhf3 Ra2 40. Rf7+ Kh6 41. Kd3 Nb2+ 42. Ke4 Na4 43. Kd3 Nb2+ 44. Ke4 Nc4 45. Kd3 Na3 46. Rb7 Rxc2 47. Rg1 Bh2 0-1

[Event "Senta op 18th"]
[Site "Senta"]
[Date "2014.07.21"]
[Round "4"]
[White "Bernath, Robert"]
[Black "Molnar, Gabor Roland"]
[Result "1-0"]
[WhiteElo "2102"]
[BlackElo "1956"]
[PlyCount "81"]
[EventDate "2014.07.19"]
[EventType "swiss"]
[EventRounds "9"]
[EventCountry "SRB"]
[SourceTitle "CBM 161 Extra"]
[Source "ChessBase"]
[SourceDate "2014.08.29"]
[SourceVersion "1"]
[SourceVersionDate "2014.08.29"]
[SourceQuality "1"]

1. e4 e5 2. Nf3 Nc6 3. d4 exd4 4. Bc4 Nf6 5. e5 d5 6. Bb5 Ne4 7. Nxd4 Bd7 8. Bxc6 bxc6 9. 0-0 Bc5 10. f3 Ng5 11. f4 Ne4 12. Be3 Bb6 13. Nc3 Nxc3 14. bxc3 Qe7 15. Qd2 c5 16. Nb3 Bc6 17. Rae1 0-0-0 18. Qf2 Bb5 19. Nxc5 Bxf1 20. Rxf1 f6 21. Nd3 g5 22. Bxb6 cxb6 23. fxg5 fxg5 24. Qf5+ Kb7 25. Qg4 Rhf8 26. Re1 Rc8 27. Qd4 Qe6 28. Rb1 Rc4 29. Nc5+ Rxc5 30. Qxc5 Rc8 31. Qe3 h6 32. Rf1 Qc6 33. Rf7+ Kb8 34. e6 Re8 35. Rf6 h5 36. h3 Re7 37. Qe5+ Kc8 38. Rf8+ Re8 39. Rxe8+ Qxe8 40. Qxd5 a5 41. Qa8+ 1-0

[Event "HUN-chT2 Maroczy 1314"]
[Site "Hungary"]
[Date "2014.04.27"]
[Round "11"]
[White "Bernath, Robert"]
[Black "Csatari, Laszlo"]
[Result "1-0"]
[WhiteElo "2122"]
[BlackElo "1628"]
[PlyCount "81"]
[EventDate "2013.09.08"]
[EventType "team-tourn"]
[EventRounds "11"]
[EventCountry "HUN"]
[SourceTitle "EXT 2016"]
[Source "ChessBase"]
[SourceDate "2015.10.08"]
[SourceVersion "1"]
[SourceVersionDate "2015.10.08"]
[SourceQuality "1"]
[WhiteTeam "Szeged Maroczy"]
[BlackTeam "Debrecen SBK"]
[WhiteTeamCountry "HUN"]
[BlackTeamCountry "HUN"]

1. e4 e6 2. d4 d5 3. Nc3 Nf6 4. Bg5 Be7 5. e5 Nfd7 6. Bxe7 Qxe7 7. f4 a6 8. Nf3 c5 9. dxc5 Nxc5 10. Qd2 Nc6 11. 0-0-0 0-0 12. Bd3 Nxd3+ 13. cxd3 b5 14. Kb1 Bd7 15. Ne2 Rac8 16. Rc1 f6 17. Ned4 Nxd4 18. Nxd4 fxe5 19. fxe5 Qf7 20. Nf3 Qf5 21. Rxc8 Rxc8 22. Rc1 Rxc1+ 23. Kxc1 Qf8 24. Qe3 Qc8+ 25. Kd2 Qc7 26. b4 h6 27. Qc5 Qc8 28. Qxc8+ Bxc8 29. Ke3 Kf7 30. Kd4 Ke8 31. Kc5 Ke7 32. Nd4 Kd7 33. Kb6 g6 34. Nb3 Kd8 35. Nc5 g5 36. Nxa6 Bxa6 37. Kxa6 Kc7 38. Kxb5 Kb7 39. Kc5 Kc7 40. g4 Kd7 41. d4 1-0

[Event "HUN-chT2 Maroczy 1314"]
[Site "Hungary"]
[Date "2014.03.23"]
[Round "9"]
[White "Csikos, Mihaly"]
[Black "Bernath, Robert"]
[Result "1-0"]
[WhiteElo "2037"]
[BlackElo "2122"]
[PlyCount "69"]
[EventDate "2013.09.08"]
[EventType "team-tourn"]
[EventRounds "11"]
[EventCountry "HUN"]
[SourceTitle "EXT 2016"]
[Source "ChessBase"]
[SourceDate "2015.10.08"]
[SourceVersion "1"]
[SourceVersionDate "2015.10.08"]
[SourceQuality "1"]
[WhiteTeam "Mako II"]
[BlackTeam "Szeged Maroczy"]
[WhiteTeamCountry "HUN"]
[BlackTeamCountry "HUN"]

1. c4 c5 2. Nc3 Nc6 3. g3 g6 4. Bg2 Bg7 5. Nf3 e5 6. d3 Nge7 7. e4 0-0 8. Be3 d6 9. Qd2 Nd4 10. Ne2 Bh3 11. 0-0 Nxf3+ 12. Bxf3 Bxf1 13. Rxf1 Nc6 14. Nc3 Nd4 15. Bg2 a6 16. Nd5 Kh8 17. f4 f5 18. exf5 Nxf5 19. Bf2 Rb8 20. Re1 b5 21. fxe5 bxc4 22. dxc4 Nd4 23. Bxd4 cxd4 24. e6 Re8 25. e7 Qd7 26. b3 Rb7 27. Qf4 Qf5 28. Qxf5 gxf5 29. Bh3 Be5 30. Bxf5 Rexe7 31. Bc8 Rf7 32. Bxb7 Rxb7 33. c5 Rb5 34. b4 d3 35. a4 1-0

[Event "HUN-chT2 Maroczy 1314"]
[Site "Hungary"]
[Date "2014.02.16"]
[Round "7"]
[White "Bernath, Robert"]
[Black "Mayer, Istvan"]
[Result "0-1"]
[WhiteElo "2122"]
[BlackElo "2047"]
[PlyCount "118"]
[EventDate "2013.09.08"]
[EventType "team-tourn"]
[EventRounds "11"]
[EventCountry "HUN"]
[SourceTitle "EXT 2016"]
[Source "ChessBase"]
[SourceDate "2015.10.08"]
[SourceVersion "1"]
[SourceVersionDate "2015.10.08"]
[SourceQuality "1"]
[WhiteTeam "Szeged Maroczy"]
[BlackTeam "Szigetszentmiklos"]
[WhiteTeamCountry "HUN"]
[BlackTeamCountry "HUN"]

1. e4 e6 2. d4 d5 3. Nc3 dxe4 4. Nxe4 Bd7 5. Nf3 Bc6 6. Bd3 Nd7 7. 0-0 Ngf6 8. Nxf6+ Qxf6 9. Be2 Bd6 10. Bg5 Qf5 11. Qd2 h6 12. Be3 Rd8 13. c4 Nf6 14. Bd3 Qh5 15. d5 exd5 16. c5 Be7 17. Nd4 Bd7 18. Rfe1 0-0 19. Qc2 Rfe8 20. Bf4 Bf8 21. b4 c6 22. Nf5 Qg4 23. g3 Ne4 24. Nd4 Ng5 25. Bxg5 Qxg5 26. f4 Qf6 27. Nf3 g5 28. Ne5 gxf4 29. Nxd7 Rxe1+ 30. Rxe1 Rxd7 31. Qf2 Qc3 32. Bf5 fxg3 33. hxg3 Rd8 34. Rf1 Bg7 35. Kh1 Qxb4 36. Rb1 Qd4 37. Kg2 Qxf2+ 38. Kxf2 Bd4+ 39. Ke2 Re8+ 40. Kd3 Bxc5 41. Rxb7 Re3+ 42. Kd2 Rxg3 43. Rc7 Rg2+ 44. Kd3 Rxa2 45. Rxc6 Ra3+ 46. Ke2 Be3 47. Bd3 d4 48. Rc7 Ra2+ 49. Kf3 a5 50. Ke4 Rf2 51. Ra7 Rf4+ 52. Ke5 Rh4 53. Bc4 Rh5+ 54. Ke4 Rc5 55. Bxf7+ Kg7 56. Bh5+ Kf6 57. Rf7+ Ke6 58. Rf5 Rxf5 59. Bg4 a4 0-1

[Event "HUN-chT2 Maroczy 1314"]
[Site "Hungary"]
[Date "2013.10.20"]
[Round "3"]
[White "Mate, Gyula"]
[Black "Bernath, Robert"]
[Result "1/2-1/2"]
[WhiteElo "2106"]
[BlackElo "2122"]
[PlyCount "41"]
[EventDate "2013.09.08"]
[EventType "team-tourn"]
[EventRounds "11"]
[EventCountry "HUN"]
[SourceTitle "EXT 2016"]
[Source "ChessBase"]
[SourceDate "2015.10.08"]
[SourceVersion "1"]
[SourceVersionDate "2015.10.08"]
[SourceQuality "1"]
[WhiteTeam "Hajduboszormeny"]
[BlackTeam "Szeged Maroczy"]
[WhiteTeamCountry "HUN"]
[BlackTeamCountry "HUN"]

1. e4 c5 2. Nf3 Nc6 3. c3 d5 4. exd5 Qxd5 5. d4 e6 6. Bd3 Be7 7. 0-0 Nf6 8. Be3 0-0 9. Nbd2 cxd4 10. cxd4 Rd8 11. a3 b6 12. Rc1 Bb7 13. Qe2 Rac8 14. h3 Bf8 15. Rfd1 Ne7 16. Ba6 Rxc1 17. Rxc1 Rc8 18. Rxc8 Nxc8 19. Bxb7 Qxb7 20. Ne5 Nd6 21. Ndf3 1/2-1/2

[Event "Senta op-B 17th"]
[Site "Senta"]
[Date "2013.07.20"]
[Round "9"]
[White "Bernath, Robert"]
[Black "Dikic, Veljko"]
[Result "1-0"]
[WhiteElo "2135"]
[BlackElo "1925"]
[PlyCount "71"]
[EventDate "2013.07.13"]
[EventType "swiss"]
[EventRounds "9"]
[EventCountry "SRB"]
[SourceTitle "EXT 2014"]
[Source "ChessBase"]
[SourceDate "2013.11.20"]
[SourceVersion "1"]
[SourceVersionDate "2013.11.20"]
[SourceQuality "1"]

1. e4 d6 2. d4 Nf6 3. Nc3 e5 4. Nf3 Nbd7 5. h3 c6 6. Be3 b5 7. Bd3 Be7 8. 0-0 0-0 9. a4 b4 10. Ne2 Qc7 11. c3 d5 12. Ng3 dxe4 13. Nxe4 Nxe4 14. Bxe4 f5 15. Bc2 e4 16. Ng5 Bxg5 17. Bxg5 bxc3 18. bxc3 Nb6 19. f3 Qg3 20. Be3 Be6 21. Bf2 Qg6 22. Re1 Bd5 23. fxe4 fxe4 24. Re3 Nc4 25. Rg3 Qe6 26. Qg4 Qe7 27. Re1 Nd6 28. Rge3 Nc4 29. R3e2 Nd6 30. Bg3 Rae8 31. Be5 Be6 32. Bxd6 Qxd6 33. Qxe4 g6 34. Qh4 Kg7 35. Bb3 Bd7 36. Re7+ 1-0

[Event "HUN-chT2 Maroczy 1213"]
[Site "Hungary"]
[Date "2013.04.07"]
[Round "10"]
[White "Bernath, Robert"]
[Black "Hetenyi, Geza"]
[Result "1/2-1/2"]
[WhiteElo "2074"]
[BlackElo "2180"]
[PlyCount "77"]
[EventDate "2012.09.16"]
[EventType "team-tourn"]
[EventRounds "11"]
[EventCountry "HUN"]
[SourceTitle "EXT 2014"]
[Source "ChessBase"]
[SourceDate "2013.11.20"]
[SourceVersion "1"]
[SourceVersionDate "2013.11.20"]
[SourceQuality "1"]
[WhiteTeam "Maroczy"]
[BlackTeam "Hobagoly"]
[WhiteTeamCountry "HUN"]
[BlackTeamCountry "HUN"]

1. e4 e5 2. Nf3 Nc6 3. d4 exd4 4. Nxd4 Qf6 5. Be3 Bc5 6. c3 Bb6 7. Bc4 Nge7 8. 0-0 0-0 9. Na3 a6 10. Nac2 Ba7 11. f4 d6 12. Qd2 h6 13. Kh1 Ng6 14. Rae1 Bd7 15. Nxc6 Bxc6 16. Bxa7 Rxa7 17. Nd4 Bd7 18. e5 dxe5 19. fxe5 Qg5 20. Qxg5 hxg5 21. e6 fxe6 22. Bxe6+ Bxe6 23. Nxe6 Rxf1+ 24. Rxf1 b6 25. Nxg5 c5 26. Rd1 Nf8 27. Rd6 Rd7 28. Rxd7 Nxd7 29. g3 Ne5 30. b4 cxb4 31. cxb4 Nc6 32. a3 Nd4 33. Ne4 Nc2 34. Nc3 Nxa3 35. Kg2 b5 36. Kf3 Nc4 37. Ke4 a5 38. bxa5 Nxa5 39. Nxb5 1/2-1/2

[Event "HUN-chT2 Maroczy 1213"]
[Site "Hungary"]
[Date "2013.02.17"]
[Round "7"]
[White "Bernath, Robert"]
[Black "Bodis, Laszlo"]
[Result "1-0"]
[WhiteElo "2074"]
[BlackElo "1821"]
[PlyCount "119"]
[EventDate "2012.09.16"]
[EventType "team-tourn"]
[EventRounds "11"]
[EventCountry "HUN"]
[SourceTitle "EXT 2014"]
[Source "ChessBase"]
[SourceDate "2013.11.20"]
[SourceVersion "1"]
[SourceVersionDate "2013.11.20"]
[SourceQuality "1"]
[WhiteTeam "Maroczy"]
[BlackTeam "Hajduszoboszlo"]
[WhiteTeamCountry "HUN"]
[BlackTeamCountry "HUN"]

1. e4 c5 2. Nf3 Nc6 3. d4 cxd4 4. Nxd4 e5 5. Nb5 d6 6. N1c3 a6 7. Na3 Nf6 8. Bg5 Be7 9. Bxf6 gxf6 10. Nd5 b5 11. Bd3 Be6 12. c3 0-0 13. Qh5 Kh8 14. 0-0 Rg8 15. Nc2 Rg5 16. Qe2 Bh3 17. Nce3 Qg8 18. f4 exf4 19. Rxf4 Qg7 20. Raf1 Rg8 21. R1f2 Bd8 22. Rh4 Be6 23. e5 f5 24. Nf6 Bxf6 25. exf6 Qxf6 26. Rhf4 Ne7 27. Qc2 Qe5 28. Qd2 Nd5 29. Nxd5 Bxd5 30. g3 Be4 31. Bxe4 fxe4 32. Qd4 Qxd4 33. cxd4 Re8 34. Rxf7 e3 35. Rf8+ Rxf8 36. Rxf8+ Kg7 37. Re8 Rd5 38. Rxe3 Rxd4 39. Kf2 Kf6 40. Ke2 d5 41. Ra3 Re4+ 42. Kd3 Re6 43. Kd4 Rd6 44. Re3 Re6 45. Rxe6+ Kxe6 46. g4 h6 47. h4 a5 48. a3 a4 49. g5 h5 50. g6 Kf6 51. Kxd5 Kxg6 52. Ke5 Kf7 53. Kf5 Ke7 54. Kg5 Ke6 55. Kxh5 Kd5 56. Kg4 Kc4 57. h5 Kb3 58. h6 Kxb2 59. h7 Kxa3 60. h8Q 1-0